Hot sur / (Registro nro. 30021)
[ vista simple ]
| 000 -LEADER | |
|---|---|
| fixed length control field | 01574nam a22002897a 4500 |
| 003 - CONTROL NUMBER IDENTIFIER | |
| control field | OSt |
| 005 - DATE AND TIME OF LATEST TRANSACTION | |
| control field | 20231214141728.0 |
| 008 - FIXED-LENGTH DATA ELEMENTS--GENERAL INFORMATION | |
| fixed length control field | 230517b |||||||| |||| 00| 0 eng d |
| 020 ## - INTERNATIONAL STANDARD BOOK NUMBER | |
| International Standard Book Number | 9789584242426 |
| 037 ## - SOURCE OF ACQUISITION | |
| Stock number | Donación |
| Source of stock number/acquisition | 01/02/2022 |
| 040 ## - CATALOGING SOURCE | |
| Original cataloging agency | CO-JMCR |
| Transcribing agency | CO-JMCR |
| Language of cataloging | spa |
| Modifying agency | CO-JMCR |
| 041 0# - LANGUAGE CODE | |
| Language code of text/sound track or separate title | spa |
| 082 04 - DEWEY DECIMAL CLASSIFICATION NUMBER | |
| Classification number | N |
| Item number | RESh |
| 100 1# - MAIN ENTRY--PERSONAL NAME | |
| Personal name | Restrepo, Laura. |
| Relator term | autora |
| 9 (RLIN) | 11971 |
| 245 1# - TITLE STATEMENT | |
| Title | Hot sur / |
| Statement of responsibility, etc. | Laura Restrepo |
| 260 ## - PUBLICATION, DISTRIBUTION, ETC. | |
| Place of publication, distribution, etc. | Bogotá D.C. |
| Name of publisher, distributor, etc. | Planeta |
| Date of publication, distribution, etc. | 2014 |
| 300 ## - PHYSICAL DESCRIPTION | |
| Extent | 555 páginas |
| Dimensions | 23 cm |
| 490 ## - SERIES STATEMENT | |
| Series statement | Autores Españoles e Iberoamericanos |
| 500 ## - GENERAL NOTE | |
| General note | Incluye datos biográficos de la autora |
| 520 ## - SUMMARY, ETC. | |
| Summary, etc. | María Paz es una joven latina que, como tantas otras, ha llegado a Estados unidos persiguiendo la utopía. Pero el sueño americano se convierte en pesadilla cuando e acusada del asesinato de su marido, un policía blanco, y condenada a prisión. La vida de María Paz dará un giro vertiginoso cuando descubra que el verdadero horror, el que pondrá a prueba todo su temple, está esperándola fuera de las rejas. Laura Restrepo nos atrapa con este thriller trepidante, magníficamente construido, terrorífico pero también divertido. Un homenaje a la mujer y una crítica feroz al mundo occidental capitalista y a sus falsos sueños de prosperidad . |
| 521 ## - TARGET AUDIENCE NOTE | |
| Target audience note | Recomendado para personas a partir de los 18 años |
| 650 ## - SUBJECT ADDED ENTRY--TOPICAL TERM | |
| Topical term or geographic name entry element | Novela colombiana |
| Chronological subdivision | Siglo xx |
| 9 (RLIN) | 14002 |
| 650 ## - SUBJECT ADDED ENTRY--TOPICAL TERM | |
| Topical term or geographic name entry element | Literatura colombiana |
| Chronological subdivision | Siglo xx |
| 9 (RLIN) | 40443 |
| 650 ## - SUBJECT ADDED ENTRY--TOPICAL TERM | |
| Topical term or geographic name entry element | Mujeres prisioneras en la literatura |
| 9 (RLIN) | 43025 |
| 650 ## - SUBJECT ADDED ENTRY--TOPICAL TERM | |
| Topical term or geographic name entry element | Asesinato en la literatura |
| 9 (RLIN) | 10236 |
| 942 ## - ADDED ENTRY ELEMENTS (KOHA) | |
| Source of classification or shelving scheme | Dewey Decimal Classification |
| Koha item type | Books |
| Withdrawn status | Lost status | Source of classification or shelving scheme | Damaged status | Not for loan | Home library | Current library | Date acquired | Source of acquisition | Total Checkouts | Full call number | Barcode | Date last seen | Copy number | Price effective from | Koha item type |
|---|---|---|---|---|---|---|---|---|---|---|---|---|---|---|---|
| Dewey Decimal Classification | Biblioteca Pública José María del Castillo y Rada | Biblioteca Pública José María del Castillo y Rada | 02/01/2022 | Donación | N RESh | 201811971 | 05/17/2023 | Ej.1 | 02/01/2022 | Books |